[Event "Palermo op"]
[Site "Palermo"]
[Date "2004.11.02"]
[Round "8"]
[White "Bentivegna, Francesco"]
[Black "Ferrante, Francesco"]
[Result "1/2-1/2"]
[WhiteElo "2215"]
[BlackElo "2092"]
[PlyCount "32"]
[EventDate "2004.10.29"]
[EventType "swiss"]
[EventRounds "9"]
[EventCountry "ITA"]
[SourceTitle "EXT 2007"]
[Source "ChessBase"]
[SourceDate "2006.11.23"]
[SourceVersion "1"]
[SourceVersionDate "2006.11.23"]
[SourceQuality "1"]

1. d4 Nf6 2. Bg5 e6 3. e4 Be7 4. e5 Nd5 5. Bxe7 Nxe7 6. Nf3 d5 7. Bd3 c5 8. dxc5 Qa5+ 9. Nbd2 Qxc5 10. 0-0 Qb6 11. c4 Nbc6 12. Qb3 Qxb3 13. axb3 0-0 14. Rac1 Nb4 15. Bb1 dxc4 16. Rxc4 Nbd5 1/2-1/2

[Event "Palermo op"]
[Site "Palermo"]
[Date "2004.11.01"]
[Round "7"]
[White "Ferrante, Francesco"]
[Black "Amato, Andrea"]
[Result "1/2-1/2"]
[WhiteElo "2092"]
[BlackElo "2061"]
[PlyCount "29"]
[EventDate "2004.10.29"]
[EventType "swiss"]
[EventRounds "9"]
[EventCountry "ITA"]
[SourceTitle "EXT 2007"]
[Source "ChessBase"]
[SourceDate "2006.11.23"]
[SourceVersion "1"]
[SourceVersionDate "2006.11.23"]
[SourceQuality "1"]

1. e4 e5 2. Nf3 d6 3. Bc4 Be7 4. d4 exd4 5. Nxd4 Nf6 6. Nc3 0-0 7. 0-0 Nc6 8. Nxc6 bxc6 9. h3 Be6 10. Bd3 Nd7 11. Ne2 Bf6 12. f4 Nc5 13. c3 Bc8 14. Nd4 Re8 15. Re1 1/2-1/2

[Event "Palermo op"]
[Site "Palermo"]
[Date "2004.10.29"]
[Round "1"]
[White "Mazzilli, Piero"]
[Black "Ferrante, Francesco"]
[Result "1-0"]
[WhiteElo "2312"]
[BlackElo "2092"]
[PlyCount "97"]
[EventDate "2004.10.29"]
[EventType "swiss"]
[EventRounds "9"]
[EventCountry "ITA"]
[SourceTitle "EXT 2007"]
[Source "ChessBase"]
[SourceDate "2006.11.23"]
[SourceVersion "1"]
[SourceVersionDate "2006.11.23"]
[SourceQuality "1"]

1. d4 Nf6 2. Nc3 d5 3. Bg5 e6 4. e4 dxe4 5. Nxe4 Be7 6. Bxf6 Bxf6 7. Nf3 0-0 8. c3 Bd7 9. Bd3 Bc6 10. Qe2 Nd7 11. 0-0-0 Re8 12. h4 Nf8 13. g4 Bxe4 14. Bxe4 c6 15. Kb1 Qc7 16. Ng5 Bxg5 17. hxg5 g6 18. Qd2 Rad8 19. Qe3 e5 20. d5 cxd5 21. Bxd5 b6 22. c4 Qe7 23. Rh6 Qc5 24. Qh3 e4 25. Qh2 e3 26. fxe3 Qxe3 27. Rh1 Qd3+ 28. Ka1 Rxd5 29. cxd5 Qxd5 30. Rxh7 Qxh1+ 31. Qxh1 Nxh7 32. a3 a5 33. Qd5 Re6 34. Ka2 Kf8 35. Qd8+ Kg7 36. Kb3 Nf8 37. Ka4 Nh7 38. Qd4+ Kg8 39. Kb5 Nf8 40. Ka6 Rc6 41. Qd5 Rc5 42. Qd6 Rxg5 43. Kxb6 Ne6 44. b4 axb4 45. Qxb4 Rd5 46. a4 Rd7 47. a5 f5 48. gxf5 gxf5 49. a6 1-0